Państwa z największą ilością liter w nazwie - Statystyki

Ogólne statystyki
  • Ten quiz został rozwiązany 474 razy
  • Średni wynik to 9 z 16
Statystyki odpowiedzi
Hint Odpowiedź % Poprawnych
27 Demokratyczna Republika Konga
78%
29 Wyspy Świętego Tomasza i Książęca
72%
26 Zjednoczone Emiraty Arabskie
70%
27 Republika Zielonego Przylądka
68%
27 Republika Środkowoafrykańska
67%
15 Arabia Saudyjska
59%
14 Wyspy Marshalla
58%
15 Korea Południowa
54%
16 Saint Kitts i Nevis
54%
22 Saint Vincent i Grenadyny
52%
15 Papua Nowa Gwinea
51%
15 Trynidad i Tobago
51%
15 Antigua i Barbuda
49%
22 Wybrzeże Kości Słoniowej
48%
18 Bośnia i Hercegowina
40%
15 Gwinea Równikowa
33%
Nie znaleziono quizów pasujących do podanych kryteriów
Rozkład punktacji
Procent ludzi z każdym wynikiem
Percentyl według liczby udzielonych odpowiedzi
Twoja historia wyników
Nie rozwiązałeś tego quizu